000 00736nam a2200181Ia 4500
008 090630s9999 xx 000 0 und d
082 _b17389
100 _aरानडे अनिता.
245 _aविचारा तुम्ही सांगतो आम्ही भाग 2.
_cरानडे अनिता.
260 _bरविराज.
300 _a0
600 _aरानडे अनिता.
630 _aविचारा तुम्ही सांगतो आम्ही भाग 2.
655 _aबालवाङमय.
700 _aरानडे अनिता.
730 _aविचारा तुम्ही सांगतो आम्ही भाग 2.
942 _cBOOK
999 _c269245
_d269245